000 11138nam a2201381 a 4500
001 24450
003 CO-ViMGA
008 141112s2004 ck r 000 u spa d
020 _a9583801070 (Obra completa)
040 _aCO-ViMGA
_bspa
_cCO-ViMGA
041 _aSPA
090 _aC CUE69
245 1 0 _aCuentos y relatos de la literatura colombiana /
_cselección y textos Luz Mary Giraldo
250 _a1a ed., 1a. reimpr.
260 _aBogotá :
_bFondo de Cultura Económica,
_c2006
300 _a2 v.
490 _aTierra firme
500 _aIncluye biografía de los autores
505 _av.1 La creación (mito kogi) - - La creación (mito uitoto) - - El árbol de piedra y agua - - La formación de los peces - - El viaje en el más alla - - El Carnero / Juan Rodríguez Freyle - - Tentaciones horribles de Satanás / Francisca Josefa de Castillo - - La b
650 1 4 _aAUTORES COLOMBIANOS
_932
650 1 4 _aCUENTOS COLOMBIANOS - ANTOLOGIA
_96622
650 1 4 _aCUENTOS COLOMBIANOS - COLECCIONES
650 1 4 _aCUENTOS COLOMBIANOS - SIGLO XX
650 1 4 _aCUENTOS INFANTILES COLOMBIANOS
_92369
650 1 4 _aLITERATURA COLOMBIANA - HISTORIA Y CRITICA
_94811
700 1 _aAcosta de Samper, Soledad. Un crimen
_96623
700 1 _aAguilera Garramuño, Marco Tulio. La noche de Aquiles y Virgen
_96624
700 1 _aAlape, Arturo. El caballo y su sombra
_96625
700 1 _aÁlvarez Gardeazábal, Gustavo. Ana Joaquina Torrentes
_96626
700 1 _aArango Arias, Gonzalo. El pez ateo de tus sagradas olas
_96627
700 1 _aArango Villegas, Rafael. Cómo narraba la historia sagrada el maestro Feliciano Ríos
_96628
700 1 _aArciniegas, Triunfo. Alas a mitad de precio
_96629
700 1 _aArciniegas, Triunfo. Cerdos en el viento
_96630
700 1 _aBolaños, Arturo. Sin salida
_96631
700 1 _aBurgos Cantor, Roberto. Nada, ni siquiera Obdulia Martina
_96632
700 1 _aCaballero Calderón, Eduardo. El corneta llanero
_96633
700 1 _aCaicedo, Andrés. El atravesado
_96634
700 1 _aCano Gaviria, Ricardo. La mosca
_96635
700 1 _aCarrasquilla, Tomás. En la diestra de Dios Padre
_96636
700 1 _aCastillo, Francisca Josefa de. Tentaciones horribles de Satanás
_96637
700 1 _aCepeda Samudio, Álvaro. Todos estábamos a la espera
_96638
700 1 _aCollazos, Óscar. El lento olvido de tus sueños
_96639
700 1 _aCordovez Moure, José María. Custodia o la emparedada
_96640
700 1 _aCorral, Jesús del. Que pase el aserrador
_96641
700 1 _aCruz Kronfly, Fernando. Drick era de nombre Genovevo Palomo
_96642
700 1 _aDíaz, Eugenio. De gorra
_96643
700 1 _aEcheverri, Jaime. El jardín del guerrero
_96644
700 1 _aEscobar Giraldo, Octavio. Recuerdas Staying alive?
_96645
700 1 _aEspinosa, Germán. Noticias de un convento frente al mar
_96646
700 1 _aFayad, Luis. Cantor está de viaje
_96647
700 1 _aFranco Ramos, Jorge. Viaje gratis
_96648
700 1 _aFuenmayor, José Felix. La muerte en la calle
_96649
700 1 _aGarcía Londoño, Andrés. La plegaria del jardinero
_96650
700 1 _aGarcía Márquez, Gabriel. El ahogado más hermoso del mundo
_96651
700 1 _aGarcía Márquez, Gabriel. El rastro de tu sangre en la nieve
_96652
700 1 _aGarcía Márquez, Gabriel. La siesta del martes
_96653
700 1 _aGarcía Márquez, Gabriel. Solo vine a hablar por teléfono
_96654
700 1 _aGarcía, Eligio. El campeón de siempre
_96655
700 1 _aGiraldo, Luz Mary
_91161
700 1 _aGómez Valderrama, Pedro. El dios errante
_96656
700 1 _aGómez, Efe. La tragedia del minero
_96657
700 1 _aGonzález, Tomás. Las palmas del ghetto
_96658
700 1 _aGroot, José Manuel. La barbería
_96659
700 1 _aHoyos Olier, Enrique. Benchmarking II
_96660
700 1 _aIsaacs, Jorge. Feliciana
_96661
700 1 _aKastos, Emiro. Mi compadre Facundo
_96662
700 1 _aKremer, Harold. Gelatina
_96663
700 1 _aLondoño, Julio César. Pesadilla en el hipotálamo
_96664
700 1 _aLondoño, Santiago. Rabdomán el mago
_96665
700 1 _aLozano, Pilar. Turbel el viento que se disfrazo de brisa
_96666
700 1 _aMadiedo, Manuel María. El boga del Magdalena
_96667
700 1 _aMattos Omar, Joaquín. Hombre pierde su sombra en un incendio
_96668
700 1 _aMejía Vallejo, Manuel. La muerte de Pedro Canales
_96669
700 1 _aMéndez Camacho, Miguel. Azabache
_96670
700 1 _aMendoza García, Plinio Apuleyo. El día que enterramos las armas
_96671
700 1 _aMontaña, Antonio. Al amanecer llego el litógrafo
_96672
700 1 _aMontoya, Pablo. La sinfónica
_96673
700 1 _aMoreno Durán, Rafael Humberto. Último informe Kinsey
_96674
700 1 _aMoreno, Marvel. Autocrítica
_96675
700 1 _aMutis, Álvaro. Cocora
_96676
700 1 _aMutis, Álvaro. La muerte del estratega
_96677
700 1 _aNiño, Jairo Aníbal. El último resucitado
_96678
700 1 _aOsorio Lizarazo, José Antonio. Job
_96679
700 1 _aPabón Villamizar, Gabriel. La sal de lot
_96680
700 1 _aParedes, Julio. Soprano
_96681
700 1 _aParra Sandoval, Rodrigo. Álbum de billetera
_96682
700 1 _aPérez, Lina María. Bolero para una noche de tango
_96683
700 1 _aPombo, Manuel. El maestro Custodio
_96684
700 1 _aPombo, Rafael. El renacuajo paseador
_96685
700 1 _aPombo, Rafael. La pobre viejecita
_96686
700 1 _aPombo, Rafael. Mirringa Mirronga
_96687
700 1 _aPosso Figueroa, Amalia Lú. Honoria Lozano
_96688
700 1 _aRebetez, René. La nueva prehistoria
_96689
700 1 _aReyes, Yolanda. Frida
_96690
700 1 _aRobinson - Bent, Lenito. Desde el otro lado del viaje
_96691
700 1 _aRoca, Juan Manuel. Feliz Navidad señor Amézquita
_96692
700 1 _aRodríguez Freyle, Juan, 1556 - 1638 Castillo, Francisca Josefa de Groot, José Manuel Díaz, Eugenio Madiedo, Manuel María Kastos, Emiro, 1825 - 1894 Pombo, Manuel Vergara y Vergara, José María Silva, José Ricardo Isaacs, Jorge, 1837 - 1895 Acosta de Samper, Soledad Cordovez Moure, José María, 1835 - 1918 Corral, Jesús del, 1871 - 1931 Carrasquilla, Tomás, 1858 - 1940 Vargas Vila, José María, 1860 - 1933 Gómez, Efe, 1873 - 1938 Fuenmayor, José Felix, 1885 - 1966 Arango Villegas, Rafael, 1899 - 1952 Osorio Lizarazo, José Antonio, 1900 - 1964 Zalamea Borda, Jorge, 1905 - 1969 Vargas Osorio, Tomás Téllez, Hernando, 1908 - 1966 Zárate Moreno, Jesús, 1915 - 1967 Mejía Vallejo, Manuel, 1923 - 1998 Mutis, Álvaro, 1923 - Mutis, Álvaro, 1923 - Cepeda Samudio, Álvaro, 1926 - 1972 Truque, Carlos Arturo, 1927 - 1970 García Márquez, Gabriel, 1928 - García Márquez, Gabriel, 1928 - García Márquez, Gabriel, 1928 - García Márquez, Gabriel, 1928 - Mendoza García, Plinio Apuleyo, 1932 - Parra Sandoval, Rodrigo, 1938 - Álvarez Gardeazábal, Gustavo, 1945 - Cano Gaviria, Ricardo, 1946 - Kremer, Harold Suescún, Nicolás, 1937 - Collazos, Óscar, 1942 - Ruiz, Hugo Cruz Kronfly, Fernando, 1943 - Fayad, Luis, 1945 - Paredes, Julio, 1957 - Espinosa, Germán, 1938 - Moreno, Marvel, 1939 - 1995 Moreno Durán, Rafael Humberto, 1946 - 2005 Aguilera Garramuño, Marco Tulio, 1949 - García, Eligio Posso Figueroa, Amalia Lú Burgos Cantor, Roberto, 1948 - Caicedo, Andrés Escobar Giraldo, Octavio, 1962 - Gómez Valderrama, Pedro, 1923 - 1992 Arango Arias, Gonzalo, 1931 - 1976 Rebetez, René, 1933 - Londoño, Julio César Arciniegas, Triunfo, 1957 - Mattos Omar, Joaquín García Londoño, Andrés Montaña, Antonio Roca, Juan Manuel, 1946 - González, Tomás, 1950 - Colombia Pérez, Lina María Robinson - Bent, Lenito Franco Ramos, Jorge, 1962 - Serrano, Enrique, 1960 - Montoya, Pablo, 1963 - Vásquez, Juan Gabriel, 1973 - Ungar, Antonio, 1974 - Silva, Ricardo, 1836 - 1887 Vidales, Luis, 1900 - 1990 Hoyos Olier, Enrique Méndez Camacho, Miguel, 1942 - Echeverri, Jaime Santamaría, Germán, 1950 - Pabón Villamizar, Gabriel Rodríguez Romero, Nana Bolaños, Arturo Pombo, Rafael, 1833 - 1912 Pombo, Rafael, 1833 - 1912 Pombo, Rafael, 1833 - 1912 Caballero Calderón, Eduardo, 1910 - 1993 Alape, Arturo, 1938 - 2006 Niño, Jairo Aníbal, 1941 - 2010 Lozano, Pilar, 1951 - Arciniegas, Triunfo, 1957 - Londoño, Santiago Reyes, Yolanda, 1959 -
_92785
700 1 _aRodríguez Freyle, Juan. El Carnero
_96694
700 1 _aRodríguez Romero, Nana. El astrolabio
_96695
700 1 _aRuiz, Hugo. Un pequeño café al bajar la calle
_96696
700 1 _aSantamaría, Germán. Morir último
_96697
700 1 _aSerrano, Enrique. El día de la partida
_96698
700 1 _aSilva, José Ricardo. El niño Agapito
_96699
700 1 _aSilva, Ricardo. Doctor Tomás Aguirre
_96700
700 1 _aSuescún, Nicolás. El retorno a casa
_96701
700 1 _aTéllez, Hernando. Espuma y nada más
_96702
700 1 _aTruque, Carlos Arturo. El día que terminó el verano
_96703
700 1 _aUngar, Antonio. Madagascar
_96704
700 1 _aVargas Osorio, Tomás. Hombres
_96705
700 1 _aVargas Vila, José María. Tarde!
_96706
700 1 _aVásquez, Juan Gabriel. El regreso
_96707
700 1 _aVergara y Vergara, José María. Las tres tazas
_96708
700 1 _aVidales, Luis. El crimen perfecto
_96709
700 1 _aZalamea Borda, Jorge. La metamorfosis de su excelencia
_96710
700 1 _aZárate Moreno, Jesús. Ni la muerte puede separarnos
_96711
740 _aLa creación (mito kogi) \ La creación (mito uitoto) \ El árbol de piedra y agua \ La formación de los peces \ El viaje en el más alla \ El Carnero \ Tentaciones horribles de Satanás \ La barbería \ De gorra \ El boga del Magdalena \ Mi compadre Facundo \ El maestro Custodio \ Las tres tazas \ El niño Agapito \ Feliciana \ Un crimen \ Custodia o la emparedada \ Que pase el aserrador \ En la diestra de Dios Padre \ Tarde! \ La tragedia del minero \ La muerte en la calle \ Cómo narraba la historia sagrada el maestro Feliciano Ríos \ Job \ La metamorfosis de su excelencia \ Hombres \ Espuma y nada más \ Ni la muerte puede separarnos \ La muerte de Pedro Canales \ La muerte del estratega \ Cocora \ Todos estábamos a la espera \ El día que terminó el verano \ La siesta del martes \ El ahogado más hermoso del mundo \ El rastro de tu sangre en la nieve \ Solo vine a hablar por teléfono \ El día que enterramos las armas \ Álbum de billetera \ Ana Joaquina Torrentes \ La mosca \ Gelatina \ El retorno a casa \ El lento olvido de tus sueños \ Un pequeño café al bajar la calle \ Drick era de nombre Genovevo Palomo \ Cantor está de viaje \ Soprano \ Noticias de un convento frente al mar \ Autocrítica \ Último informe Kinsey \ La noche de Aquiles y Virgen \ El campeón de siempre \ Honoria Lozano \ Nada, ni siquiera Obdulia Martina \ El atravesado \ Recuerdas Staying alive? \ El dios errante \ El pez ateo de tus sagradas olas \ La nueva prehistoria \ Pesadilla en el hipotálamo \ Alas a mitad
942 _2ddc
_cBK
999 _c11673
_d11673